01692nam a2200445 i 450000100060000000300080000600500170001400600190003100700150005000800410006502000180010602000270012403500230015103500240017403500250019803500210022304000310024405000210027508000100029608200180030610000330032424501130035726400430047030000400051333600310055333700330058433800430061750000230066050001970068350400290088058801230090965000180103265000320105065000260108265000240110865000130113265000120114565500270115785600620118442295FlNmELB20241216222032.0m o d | cr cnu||||||||160519s2013 sp ob 001 0 spa d z9788468124032 a9788468163741 (e-book) a(MiAaPQ)EBC4422025 a(Au-PeEL)EBL4422025 a(CaPaEBR)ebr11162160 a(OCoLC)984782652 aFINmELBbspaerdacFINmELB 4aTX943bV286 2013 a338.40 a647.950682231 aVaquero González, Juliana.10aElaboración y acabado de platos a la vista del cliente (MF1053_2) :bmanual /cJuliana Vaquero González. 1aMadrid :bEditorial CEP, S.L.,c[2013] a1 recurso en línea (99 páginas) atextobtxt2rdacontent/spa acomputadorabc2rdamedia/spa arecurso en líneabcr2rdacarrier/spa aContiene índice. aCertificado de profesionalidad, Servicios de restaurante (HOTR0608) de la familia profesional Hostelería y turismo. "Programa docente conforme a Real decreto 1256/2009 y 685/2011"--Cubierta. aContiene bibliografía. aDescripción basada en recurso en línea; Título de la página del título en PDF (e-libro, visto May 19, 2016). 0aFood service. 4aPreparación de alimentos. 0aHospitality industry. 4aIndustria hotelera. 0aCooking. 4aCocina. 4aLibros electrónicos.40uhttps://elibro.net/ereader/politecnicointernacional/51022